[Event "4NCL Division 2d"]
[Site "Telford, ENG"]
[Date "2017.05.01"]
[Round "11.51"]
[White "Purcell, Philip"]
[Black "Emms, John M"]
[Result "0-1"]
[WhiteElo "2080"]
[BlackElo "2464"]
[PlyCount "42"]
[EventDate "2017.05.01"]
[WhiteTeam "Warwickshire Select 2"]
[BlackTeam "KJCA Kings"]

1. d4 d5 2. c4 dxc4 3. Nf3 a6 4. a4 Nf6 5. Nc3 Nc6 6. Bg5 h6 7. Bf4 Nd5 8. Bg3
Bf5 9. e4 Nxc3 10. bxc3 Bxe4 11. Bxc4 e6 12. Qe2 Bd5 13. O-O Bxc4 14. Qxc4 Bd6
15. Bxd6 Qxd6 16. Nd2 b6 17. Rfe1 O-O 18. Ne4 Qd5 19. Qe2 Na5 20. Qg4 f5 21. c4
Nxc4 0-1

[Event "4NCL Division 2d"]
[Site "Telford, ENG"]
[Date "2017.05.01"]
[Round "11.53"]
[White "Lam, Paul G M"]
[Black "Selway, Richard P"]
[Result "1-0"]
[WhiteElo "2125"]
[BlackElo "2056"]
[PlyCount "75"]
[EventDate "2017.05.01"]
[WhiteTeam "Warwickshire Select 2"]
[BlackTeam "KJCA Kings"]

1. g3 f5 2. Bg2 Nf6 3. d3 e5 4. Nf3 Nc6 5. O-O d6 6. c4 g6 7. Nc3 Bg7 8. Nd5
Nxd5 9. cxd5 Ne7 10. Qa4+ Bd7 11. Qb3 O-O 12. Qxb7 h6 13. Qb3 Kh8 14. Qc4 g5
15. Bd2 c5 16. dxc6 Nxc6 17. Rac1 Rc8 18. Qd5 Qf6 19. Bc3 f4 20. Nd2 Ne7 21.
Qa5 Nc6 22. Qa6 h5 23. b4 h4 24. Ne4 Qh6 25. b5 hxg3 26. fxg3 Nd4 27. Bxd4 fxg3
28. Nxg3 exd4 29. Rxc8 Rxc8 30. Qxa7 Qe6 31. b6 Rc1 32. b7 Qe3+ 33. Kh1 Be5 34.
b8=Q+ Bc8 35. Qd7 Bxg3 36. Qbxc8+ Rxc8 37. Qxc8+ Kg7 38. Qf8+ 1-0

[Event "4NCL Division 2d"]
[Site "Telford, ENG"]
[Date "2017.05.01"]
[Round "11.54"]
[White "Lunn, Matthew"]
[Black "Paterson, Andrew I"]
[Result "1-0"]
[WhiteElo "2081"]
[BlackElo "2125"]
[PlyCount "67"]
[EventDate "2017.05.01"]
[WhiteTeam "KJCA Kings"]
[BlackTeam "Warwickshire Select 2"]

1. d4 f5 2. g3 Nf6 3. Bg2 e6 4. Nf3 Be7 5. O-O O-O 6. c4 d6 7. Nc3 Ne4 8. Nxe4
fxe4 9. Nd2 d5 10. f3 Nc6 11. fxe4 Rxf1+ 12. Nxf1 dxc4 13. Be3 Bd7 14. Qc2 b5
15. Rd1 Qe8 16. b3 Nb4 17. Qb1 a5 18. a3 Na6 19. bxc4 bxc4 20. e5 Rb8 21. Qc2
Bxa3 22. Qxc4 Bb5 23. Qa2 Bb4 24. Bh3 Bd7 25. Qc4 Bc8 26. d5 exd5 27. Qxd5+ Kh8
28. Bxc8 Rxc8 29. e6 c5 30. Qe5 Nb8 31. Bh6 Qg8 32. e7 Nc6 33. Bxg7+ Qxg7 34.
e8=Q+ 1-0

[Event "4NCL Division 2d"]
[Site "Telford, ENG"]
[Date "2017.05.01"]
[Round "11.56"]
[White "Golding, James"]
[Black "Ali, Golam S"]
[Result "1-0"]
[WhiteElo "1986"]
[BlackElo "1967"]
[PlyCount "91"]
[EventDate "2017.05.01"]
[WhiteTeam "KJCA Kings"]
[BlackTeam "Warwickshire Select 2"]

1. d4 Nf6 2. c4 e6 3. Nf3 d5 4. Nc3 c6 5. Bg5 Be7 6. e3 Nbd7 7. Rc1 h6 8. Bh4
O-O 9. Bd3 dxc4 10. Bxc4 b5 11. Bd3 Bb7 12. O-O a6 13. Bxf6 Bxf6 14. Ne4 Be7
15. Nfd2 f5 16. Nc3 c5 17. Nf3 Qe8 18. Re1 Qg6 19. e4 Bf6 20. exf5 exf5 21.
Qb3+ Kh8 22. Nd5 Rac8 23. Be2 c4 24. Nf4 Qf7 25. Qa3 g5 26. Ne5 Nxe5 27. Bh5
Qg8 28. dxe5 gxf4 29. f3 Bh4 30. Red1 Qg5 31. Rd7 Rg8 32. Rc2 Bc6 33. Rd6 Qxh5
34. Qxa6 Rgd8 35. Rcd2 Qg5 36. a3 Bxf3 37. Rxd8+ Rxd8 38. Rxd8+ Qxd8 39. Qxh6+
Kg8 40. Qg6+ Kf8 41. Qxf5+ Ke7 42. gxf3 Qg8+ 43. Kf1 Qf7 44. Qg4 Qh7 45. Qxf4
Qc2 46. Qxh4+ 1-0

[Event "4NCL Division 2d"]
[Site "Telford, ENG"]
[Date "2017.05.01"]
[Round "11.57"]
[White "Green, Anthony J"]
[Black "Anilkumar, Anantha P"]
[Result "1/2-1/2"]
[WhiteElo "1975"]
[BlackElo "1931"]
[PlyCount "87"]
[EventDate "2017.05.01"]
[WhiteTeam "Warwickshire Select 2"]
[BlackTeam "KJCA Kings"]

1. d4 Nf6 2. c4 g6 3. Nc3 d5 4. cxd5 Nxd5 5. e4 Nxc3 6. bxc3 Bg7 7. Bc4 c5 8.
Ne2 O-O 9. O-O Nc6 10. Be3 Qc7 11. Rc1 b6 12. Qd2 Na5 13. Bd3 c4 14. Bb1 Bb7
15. Ng3 e6 16. e5 f6 17. exf6 Bxf6 18. Ne4 Bxe4 19. Bxe4 Rad8 20. Rfd1 e5 21.
d5 Nb7 22. f3 Rd6 23. Qe2 Rc8 24. g3 Qe7 25. Kg2 Bg5 26. Bxg5 Qxg5 27. h4 Qe7
28. h5 g5 29. Bf5 Rf8 30. Be6+ Rxe6 31. dxe6 Qxe6 32. Qe4 Nc5 33. Qd5 Qxd5 34.
Rxd5 Nd3 35. Rb1 g4 36. f4 exf4 37. Rg5+ Kh8 38. gxf4 Nxf4+ 39. Kg3 Ne2+ 40.
Kxg4 Nxc3 41. Rc1 Ne4 42. Rxc4 Nxg5 43. Kxg5 Rd8 44. Rc7 1/2-1/2

[Event "4NCL Division 2d"]
[Site "Telford, ENG"]
[Date "2017.05.01"]
[Round "11.58"]
[White "Selway, Alexander M"]
[Black "Bowcott-Terry, Finlay"]
[Result "1-0"]
[WhiteElo "1816"]
[BlackElo "1772"]
[PlyCount "71"]
[EventDate "2017.05.01"]
[WhiteTeam "KJCA Kings"]
[BlackTeam "Warwickshire Select 2"]

1. d4 Nf6 2. Nf3 e6 3. e3 c5 4. Bd3 Nc6 5. Nbd2 d5 6. b3 cxd4 7. Nxd4 Bd6 8.
Bb2 a6 9. f4 Bd7 10. Qf3 O-O 11. g4 e5 12. Nxc6 Bxc6 13. fxe5 d4 14. e4 Bxe5
15. O-O-O Bd7 16. h3 h6 17. Nc4 Bc7 18. Qf2 Bf4+ 19. Kb1 Bb5 20. Nd2 Be3 21.
Qf3 Qc7 22. Nf1 Nxg4 23. Nxe3 Nxe3 24. Rd2 Qc5 25. Be2 Qg5 26. Rxd4 Bc6 27. Bc1
Nf5 28. Bxg5 Nxd4 29. Qe3 Nxe2 30. Bxh6 gxh6 31. Qxe2 Rad8 32. Rg1+ Kh7 33. Qg4
Rg8 34. Qf5+ Kh8 35. Qf6+ Kh7 36. Qxf7+ 1-0

[Event "4NCL Division 2d"]
[Site "Telford, ENG"]
[Date "2017.05.01"]
[Round "11.61"]
[White "Moss, Guy"]
[Black "Wadsworth, Matthew J"]
[Result "1-0"]
[WhiteElo "2141"]
[BlackElo "2350"]
[PlyCount "131"]
[EventDate "2017.05.01"]
[WhiteTeam "Barbican 4NCL Youth"]
[BlackTeam "Guildford 3"]

1. e4 e6 2. d4 d5 3. e5 c5 4. c3 Qb6 5. Nf3 Nc6 6. a3 Nh6 7. Bd3 cxd4 8. cxd4
Nf5 9. Bxf5 exf5 10. Nc3 Be6 11. O-O h6 12. b4 Rc8 13. Na4 Qc7 14. Bd2 b6 15.
Rc1 Qd7 16. b5 Nd8 17. Qb3 Rxc1 18. Rxc1 Be7 19. Nb2 O-O 20. a4 Nb7 21. Nd3 Rc8
22. Rc2 g5 23. Bb4 Rc4 24. Qb2 Qc8 25. Nfe1 Bxb4 26. Nxb4 Na5 27. f4 Rxc2 28.
Qxc2 Nc4 29. Nc6 Qf8 30. Qc3 gxf4 31. Nd3 Qg7 32. Nxf4 Qg4 33. Qc1 Kh7 34. Nxa7
Bd7 35. Nc6 Qg5 36. Nb4 Be6 37. Nbd3 Qg4 38. Qe1 Nb2 39. Nxb2 Qxf4 40. Qc3 Qe4
41. h3 Kg7 42. a5 bxa5 43. b6 Bc8 44. Qxc8 Qxd4+ 45. Kh1 Qxb6 46. Qc3 d4 47.
Qg3+ Kf8 48. Nc4 Qb1+ 49. Kh2 Qe4 50. Nd6 Qd5 51. Nxf5 d3 52. Qg7+ Ke8 53. Nd6+
Kd7 54. Qh8 Kc7 55. Qc8+ Kb6 56. Qc3 d2 57. Nc4+ Qxc4 58. Qxc4 d1=Q 59. Qxf7 a4
60. Qf4 Qe2 61. Qxh6+ Kb5 62. Qd6 Qe3 63. e6 a3 64. e7 Ka5 65. Qd8+ Kb4 66.
Qb8+ 1-0

[Event "4NCL Division 2d"]
[Site "Telford, ENG"]
[Date "2017.05.01"]
[Round "11.62"]
[White "Wall, Gavin"]
[Black "Klingher, Dominic"]
[Result "1/2-1/2"]
[WhiteElo "2346"]
[BlackElo "2116"]
[PlyCount "43"]
[EventDate "2017.05.01"]
[WhiteTeam "Guildford 3"]
[BlackTeam "Barbican 4NCL Youth"]

1. e4 e6 2. d4 d5 3. e5 c5 4. c3 Nc6 5. Nf3 Bd7 6. dxc5 Bxc5 7. b4 Bb6 8. Bd3
Nge7 9. Qe2 Ng6 10. b5 Na5 11. h4 f6 12. exf6 Qxf6 13. Bg5 Qf7 14. Bxg6 Qxg6
15. Ne5 Qf5 16. g4 Qf8 17. Rh3 Qc5 18. a4 Rc8 19. Nd2 Bc7 20. Rd1 Bxe5 21. Qxe5
Rf8 22. Rd3 1/2-1/2

[Event "4NCL Division 2d"]
[Site "Telford, ENG"]
[Date "2017.05.01"]
[Round "11.63"]
[White "Stewart, Ashley"]
[Black "Golding, Alex"]
[Result "0-1"]
[WhiteElo "2091"]
[BlackElo "2170"]
[PlyCount "116"]
[EventDate "2017.05.01"]
[WhiteTeam "Barbican 4NCL Youth"]
[BlackTeam "Guildford 3"]

1. c4 Nf6 2. g3 g6 3. Bg2 Bg7 4. Nc3 O-O 5. Nf3 d6 6. O-O e5 7. d3 Nc6 8. Rb1
a5 9. a3 Re8 10. Bg5 h6 11. Bxf6 Bxf6 12. b4 axb4 13. axb4 Nd4 14. Nd2 Ra3 15.
Nde4 Bg7 16. e3 Ne6 17. Na4 Bd7 18. Nec3 e4 19. d4 Bxa4 20. Nxa4 Qd7 21. Ra1
Rxa1 22. Qxa1 Ra8 23. Nb6 Rxa1 24. Nxd7 Rxf1+ 25. Kxf1 f5 26. g4 Kf7 27. gxf5
gxf5 28. d5 Nd8 29. Bh3 Kg6 30. b5 Be5 31. Nxe5+ dxe5 32. c5 b6 33. d6 cxd6 34.
cxb6 Kf6 35. Ke2 d5 36. f3 exf3+ 37. Kxf3 Nb7 38. Ke2 Nd6 39. Kd3 Ke6 40. Kc2
e4 41. Bf1 Nb7 42. Kc3 Ke5 43. Be2 Nc5 44. Kb4 Nd7 45. b7 d4 46. Ka5 dxe3 47.
Bh5 Kd6 48. Kb4 f4 49. Kc3 f3 50. Bg4 Nb8 51. Kc2 Kc7 52. Kd1 Kd6 53. Ke1 Ke5
54. Bh5 Kd4 55. b6 Kd3 56. Be8 f2+ 57. Kf1 e2+ 58. Kxf2 Kd2 0-1

[Event "4NCL Division 2d"]
[Site "Telford, ENG"]
[Date "2017.05.01"]
[Round "11.64"]
[White "Granat, Russell G"]
[Black "Brett, Andrew R"]
[Result "1-0"]
[WhiteElo "2187"]
[BlackElo "2122"]
[PlyCount "23"]
[EventDate "2017.05.01"]
[WhiteTeam "Guildford 3"]
[BlackTeam "Barbican 4NCL Youth"]

1. e4 e5 2. Nf3 Nc6 3. Bb5 a6 4. Ba4 Nf6 5. O-O Be7 6. Qe2 b5 7. Bb3 O-O 8. c3
d5 9. d3 Re8 10. a4 b4 11. a5 bxc3 12. bxc3 {Unable to read scoresheet} 1-0

[Event "4NCL Division 2d"]
[Site "Telford, ENG"]
[Date "2017.05.01"]
[Round "11.65"]
[White "Bhatia, Kanwal K"]
[Black "Osborne, Marcus E"]
[Result "1/2-1/2"]
[WhiteElo "2064"]
[BlackElo "2200"]
[PlyCount "142"]
[EventDate "2017.05.01"]
[WhiteTeam "Barbican 4NCL Youth"]
[BlackTeam "Guildford 3"]

1. e4 c6 2. d4 d5 3. Nd2 dxe4 4. Nxe4 Nf6 5. Nxf6+ exf6 6. Nf3 Bd6 7. Be2 Qc7
8. Qd3 O-O 9. Be3 Na6 10. a3 Be6 11. h3 Rfe8 12. Nh4 f5 13. O-O f4 14. Bd2 Qe7
15. Nf3 b5 16. b3 Bxh3 17. Rfe1 Be6 18. c4 Qd7 19. cxb5 Nc7 20. bxc6 Qxc6 21.
Ng5 g6 22. Ne4 Nd5 23. Rac1 Qd7 24. Qa6 Red8 25. Rc6 Be7 26. Rec1 Rab8 27. Bb5
Qb7 28. a4 Bd7 29. Qxb7 Rxb7 30. Ra6 Bxb5 31. axb5 Rxb5 32. Rxa7 Rxb3 33. Ba5
Rdb8 34. Rd7 Rb1 35. Rxb1 Rxb1+ 36. Kh2 Rb5 37. Bd2 Kf8 38. Kh3 Nb6 39. Rb7
Rh5+ 40. Kg4 f5+ 41. Kxf4 Nd5+ 42. Ke5 fxe4+ 43. Ke6 Bd8 44. g4 Rh2 45. Kxd5
Rxf2 46. Bh6+ Ke8 47. Rxh7 Be7 48. Be3 Re2 49. Kxe4 Bg5 50. Rh3 Bxe3 51. Rxe3
Rf2 52. Kd5+ Kd7 53. Re6 g5 54. Rg6 Ra2 55. Rg7+ Ke8 56. Ke4 Ra5 57. d5 Ra4+
58. Kf5 Rd4 59. Ke6 Re4+ 60. Kf5 Rd4 61. Kxg5 Rxd5+ 62. Kh6 Kf8 63. Kh7 Rd1 64.
g5 Rh1+ 65. Kg6 Ra1 66. Rb7 Rg1 67. Rb8+ Ke7 68. Rh8 Rg2 69. Rh5 Kf8 70. Rh8+
Ke7 71. Rh4 Kf8 1/2-1/2

[Event "4NCL Division 2d"]
[Site "Telford, ENG"]
[Date "2017.05.01"]
[Round "11.66"]
[White "Shepley, Julien M"]
[Black "Hughes, Roy"]
[Result "1/2-1/2"]
[WhiteElo "1982"]
[BlackElo "2029"]
[PlyCount "84"]
[EventDate "2017.05.01"]
[WhiteTeam "Guildford 3"]
[BlackTeam "Barbican 4NCL Youth"]

1. e4 d5 2. Nc3 dxe4 3. Nxe4 Nd7 4. Nf3 Ngf6 5. Ng3 e6 6. Bc4 Be7 7. a3 a6 8.
O-O b5 9. Ba2 c5 10. d3 O-O 11. Qe2 Nb6 12. Re1 Re8 13. Bd2 Bd6 14. Ne4 Nxe4
15. Qxe4 Be7 16. Rad1 Ra7 17. Bc1 Bb7 18. Qg4 Nd5 19. Ng5 Bc8 20. Qh5 Bxg5 21.
Bxg5 Nf6 22. Qh4 h6 23. Be3 Rc7 24. Qg3 Kh8 25. Bf4 Rc6 26. Be5 Bb7 27. Re4 Rg8
28. Rh4 Kh7 29. c3 Nd7 30. Rh3 Nxe5 31. Qxe5 Qf6 32. d4 Qxe5 33. dxe5 Rc7 34.
Bb1+ g6 35. Rd6 Re8 36. Kf1 Kg7 37. Rg3 Ree7 38. h4 h5 39. f4 Rcd7 40. Rgd3 Bd5
41. Rxd7 Rxd7 42. Kf2 Rc7 1/2-1/2

[Event "4NCL Division 2d"]
[Site "Telford, ENG"]
[Date "2017.05.01"]
[Round "11.67"]
[White "Keen, Cosima"]
[Black "Punnett, Alan K"]
[Result "0-1"]
[WhiteElo "1848"]
[BlackElo "2038"]
[PlyCount "56"]
[EventDate "2017.05.01"]
[WhiteTeam "Barbican 4NCL Youth"]
[BlackTeam "Guildford 3"]

1. e4 e6 2. d4 d5 3. Nd2 Be7 4. Ngf3 Nf6 5. e5 Nfd7 6. Bd3 c5 7. c3 Nc6 8. O-O
a5 9. a4 g5 10. dxc5 Ndxe5 11. Nxe5 Nxe5 12. Bb5+ Bd7 13. Bxd7+ Qxd7 14. Qe2
Nc6 15. Nb3 e5 16. Rd1 Qe6 17. Qb5 O-O 18. Rd3 f5 19. Bxg5 Bxg5 20. Rg3 h6 21.
f4 exf4 22. Rh3 Rf7 23. Qf1 Re8 24. Rh5 Qe3+ 25. Kh1 Kg7 26. h4 Bd8 27. Nd4
Nxd4 28. cxd4 Qe2 0-1

[Event "4NCL Division 2d"]
[Site "Telford, ENG"]
[Date "2017.05.01"]
[Round "11.71"]
[White "Buckley, David E"]
[Black "Adams, David M"]
[Result "1-0"]
[WhiteElo "2244"]
[BlackElo "2185"]
[PlyCount "97"]
[EventDate "2017.05.01"]
[WhiteTeam "Downend & Fishponds"]
[BlackTeam "White Rose 2"]

1. d4 d5 2. c4 Nc6 3. Nc3 dxc4 4. Nf3 Nf6 5. d5 Na5 6. Qa4+ c6 7. b4 b5 8. Qxa5
Qxa5 9. bxa5 b4 10. Nd1 cxd5 11. g3 e6 12. Bg2 Bd6 13. Bf4 Bxf4 14. gxf4 Rb8
15. Rb1 Bd7 16. Nd4 O-O 17. Nc2 Ba4 18. Nxb4 d4 19. a3 c3 20. Rc1 Rfc8 21. e3
Bxd1 22. Rxd1 dxe3 23. fxe3 Ng4 24. Nc2 Rb2 25. Be4 f5 26. Bd3 Rd8 27. Ke2 Kf7
28. h3 Nf6 29. Rc1 Ne4 30. Rhd1 Nd2 31. Nd4 Nb3+ 32. Rc2 Nxd4+ 33. exd4 Rxd4
34. Ke3 Rd5 35. Rxb2 cxb2 36. a6 Kf6 37. Rb1 e5 38. fxe5+ Rxe5+ 39. Kd4 Re7 40.
Rxb2 Rd7+ 41. Ke3 Re7+ 42. Kf2 Rc7 43. Rb5 Rc3 44. Rxf5+ Ke7 45. Bf1 Rxa3 46.
Rb5 h6 47. Rb7+ Kf6 48. Rxa7 g5 49. Rc7 1-0

[Event "4NCL Division 2d"]
[Site "Telford, ENG"]
[Date "2017.05.01"]
[Round "11.72"]
[White "Weller, Jean-Luc"]
[Black "Russell, Christopher"]
[Result "1-0"]
[WhiteElo "2252"]
[BlackElo "2112"]
[PlyCount "75"]
[EventDate "2017.05.01"]
[WhiteTeam "White Rose 2"]
[BlackTeam "Downend & Fishponds"]

1. d4 e6 2. e4 d5 3. Nd2 Nc6 4. Ngf3 Nf6 5. e5 Nd7 6. Nb3 a5 7. a4 Be7 8. Bb5
Na7 9. Bd3 b6 10. O-O c5 11. c4 Bb7 12. Be3 Rc8 13. Qe2 O-O 14. Nfd2 cxd4 15.
Bxd4 Nc5 16. Bxc5 bxc5 17. f4 f5 18. exf6 Rxf6 19. f5 Qb6 20. Rac1 Rc6 21. Kh1
Bf8 22. Qh5 Rh6 23. Qf3 Qc7 24. h3 exf5 25. Bxf5 Rcf6 26. cxd5 Bc8 27. Qd3 c4
28. Bxh7+ Rxh7 29. Nxc4 Ba6 30. Rxf6 gxf6 31. Nbxa5 Rg7 32. Qe4 Bc8 33. d6 Qc5
34. Rd1 Bd7 35. Rd5 Qf2 36. Rh5 Nc8 37. Nb7 Qf1+ 38. Kh2 1-0

[Event "4NCL Division 2d"]
[Site "Telford, ENG"]
[Date "2017.05.01"]
[Round "11.73"]
[White "Hosken, Nigel K"]
[Black "Gayson, Peter M"]
[Result "1/2-1/2"]
[WhiteElo "2085"]
[BlackElo "2163"]
[PlyCount "72"]
[EventDate "2017.05.01"]
[WhiteTeam "Downend & Fishponds"]
[BlackTeam "White Rose 2"]

1. d4 f5 2. g3 g6 3. Bg2 Bg7 4. Nf3 Nh6 5. b3 O-O 6. O-O Nf7 7. Bb2 Nc6 8. c4
d6 9. Nc3 e5 10. dxe5 dxe5 11. Qxd8 Rxd8 12. e4 fxe4 13. Nxe4 Bf5 14. Nh4 Nd4
15. Bxd4 Rxd4 16. Nxf5 gxf5 17. Nc5 e4 18. Ne6 Rd6 19. Nxg7 Kxg7 20. f3 Re8 21.
fxe4 fxe4 22. Rfe1 b6 23. Rxe4 Rxe4 24. Bxe4 Rd2 25. Bg2 c5 26. Kf1 Ng5 27. a3
Ne6 28. b4 Rb2 29. Kg1 Nd4 30. bxc5 bxc5 31. Re1 Kf6 32. Rf1+ Ke5 33. Rf7 Rb1+
34. Kf2 Rb2+ 35. Kg1 Rb1+ 36. Kf2 Rb2+ 1/2-1/2

[Event "4NCL Division 2d"]
[Site "Telford, ENG"]
[Date "2017.05.01"]
[Round "11.74"]
[White "Shaw, Peter"]
[Black "Dilleigh, Stephen P"]
[Result "1/2-1/2"]
[WhiteElo "2083"]
[BlackElo "2041"]
[PlyCount "44"]
[EventDate "2017.05.01"]
[WhiteTeam "White Rose 2"]
[BlackTeam "Downend & Fishponds"]

1. d4 d5 2. c4 e6 3. Nc3 Nf6 4. Bg5 Be7 5. e3 h6 6. Bh4 O-O 7. Nf3 Ne4 8. Bxe7
Qxe7 9. Rc1 c6 10. Bd3 Nxc3 11. Rxc3 dxc4 12. Bxc4 Nd7 13. O-O b6 14. a3 Bb7
15. Ba2 c5 16. Bb1 Rfc8 17. Qd3 Nf6 18. Ne5 cxd4 19. Qxd4 Rxc3 20. Qxc3 Rc8 21.
Qd4 Qc5 22. Qxc5 Rxc5 1/2-1/2

[Event "4NCL Division 2d"]
[Site "Telford, ENG"]
[Date "2017.05.01"]
[Round "11.75"]
[White "Young, Daniel J"]
[Black "O'driscoll, Kieran"]
[Result "1-0"]
[WhiteElo "2012"]
[BlackElo "2102"]
[PlyCount "23"]
[EventDate "2017.05.01"]
[WhiteTeam "Downend & Fishponds"]
[BlackTeam "White Rose 2"]

1. e4 d5 2. exd5 Nf6 3. d4 Bg4 4. f3 Bf5 5. g4 Bc8 6. c4 e6 7. dxe6 Bxe6 8. Nc3
Bb4 9. Be3 Qe7 10. Qd2 Bxg4 11. fxg4 Nxg4 12. O-O-O 1-0

[Event "4NCL Division 2d"]
[Site "Telford, ENG"]
[Date "2017.05.01"]
[Round "11.76"]
[White "Arnott, Jonathan W"]
[Black "Meadows, Michael"]
[Result "1/2-1/2"]
[WhiteElo "2111"]
[BlackElo "1962"]
[PlyCount "41"]
[EventDate "2017.05.01"]
[WhiteTeam "White Rose 2"]
[BlackTeam "Downend & Fishponds"]

1. e4 d5 2. exd5 Qxd5 3. Nc3 Qd6 4. Nf3 Nf6 5. g3 c6 6. Bg2 Bg4 7. O-O g6 8. d4
Bg7 9. Bf4 Qd8 10. h3 Bxf3 11. Bxf3 O-O 12. d5 Nxd5 13. Nxd5 cxd5 14. Qxd5 Qxd5
15. Bxd5 Nc6 16. c3 e6 17. Bxc6 bxc6 18. Rfd1 Rfd8 19. Kf1 Rd5 20. Ke2 Rad8 21.
Be3 1/2-1/2

[Event "4NCL Division 2d"]
[Site "Telford, ENG"]
[Date "2017.05.01"]
[Round "11.77"]
[White "French, Max"]
[Black "Sucikova, Svetlana"]
[Result "1-0"]
[WhiteElo "1916"]
[BlackElo "2030"]
[PlyCount "49"]
[EventDate "2017.05.01"]
[WhiteTeam "Downend & Fishponds"]
[BlackTeam "White Rose 2"]

1. d4 d5 2. c4 e6 3. Nc3 c6 4. Nf3 Nf6 5. cxd5 exd5 6. Bg5 Be7 7. Qc2 O-O 8. e3
h6 9. Bf4 Nh5 10. Bg3 Nxg3 11. hxg3 Nd7 12. Bd3 Re8 13. O-O Nf8 14. Na4 Bd6 15.
Rab1 Bg4 16. b4 b5 17. Nc5 Qe7 18. Rfc1 Rec8 19. Bf5 Bxf5 20. Qxf5 Bxc5 21.
Rxc5 Nd7 22. Rb3 Nb6 23. e4 dxe4 24. Ne5 Nd5 25. Nxc6 1-0

[Event "4NCL Division 2d"]
[Site "Telford, ENG"]
[Date "2017.05.01"]
[Round "11.78"]
[White "Lopez Cadenas, Nestor"]
[Black "White, Martin J"]
[Result "1/2-1/2"]
[WhiteElo "1906"]
[BlackElo "1840"]
[PlyCount "59"]
[EventDate "2017.05.01"]
[WhiteTeam "White Rose 2"]
[BlackTeam "Downend & Fishponds"]

1. Nf3 c5 2. c4 Nc6 3. Nc3 g6 4. g3 Bg7 5. Bg2 e5 6. O-O Nge7 7. Ne1 O-O 8. Nc2
d6 9. Ne3 Be6 10. Ned5 f5 11. e3 Bf7 12. d3 Rb8 13. Rb1 a6 14. b4 Nxd5 15. Nxd5
b5 16. cxb5 axb5 17. a4 Nxb4 18. Nxb4 cxb4 19. Rxb4 bxa4 20. Qxa4 Rxb4 21. Qxb4
Qb8 22. Ba3 Qxb4 23. Bxb4 Rb8 24. Bxd6 Rd8 25. Be7 Rxd3 26. Rc1 Be6 27. Bf1 Rd7
28. Bb4 Kf7 29. Bc4 Bxc4 30. Rxc4 1/2-1/2

[Event "4NCL Division 2d"]
[Site "Telford, ENG"]
[Date "2017.05.01"]
[Round "11.81"]
[White "Jogstad, Martin"]
[Black "Jones, Steven A"]
[Result "1-0"]
[WhiteElo "2283"]
[BlackElo "2177"]
[PlyCount "77"]
[EventDate "2017.05.01"]
[WhiteTeam "CSC Dragons"]
[BlackTeam "Bradford DCA Knights A"]

1. d4 Nf6 2. Nf3 g6 3. c4 Bg7 4. Nc3 O-O 5. e4 d6 6. Be2 e5 7. Be3 h6 8. O-O
Nh5 9. Qd2 Kh7 10. Rfd1 Nc6 11. dxe5 dxe5 12. Qxd8 Nxd8 13. Nb5 Ne6 14. Nxa7
Nd4 15. Bxd4 exd4 16. Nxc8 d3 17. Bxd3 Rfxc8 18. e5 Ra5 19. Be4 Bxe5 20. Nxe5
Rxe5 21. Bf3 Kg7 22. b3 b6 23. Kf1 Nf4 24. Rd2 Kf6 25. Re1 Rce8 26. Rxe5 Rxe5
27. g3 Ne6 28. Rd7 Ra5 29. a4 Nc5 30. Rxc7 Nxb3 31. Bd5 Rxa4 32. f4 g5 33.
Rxf7+ Kg6 34. f5+ Kh5 35. Rg7 Ra1+ 36. Kf2 Ra2+ 37. Ke3 Kg4 38. f6 Nc1 39. Bf3+
1-0

[Event "4NCL Division 2d"]
[Site "Telford, ENG"]
[Date "2017.05.01"]
[Round "11.82"]
[White "Bak, Christopher"]
[Black "Frostick, Clive A"]
[Result "0-1"]
[WhiteElo "2025"]
[BlackElo "2169"]
[PlyCount "100"]
[EventDate "2017.05.01"]
[WhiteTeam "Bradford DCA Knights A"]
[BlackTeam "CSC Dragons"]

1. c4 e5 2. Nc3 Nf6 3. Nf3 Nc6 4. e3 Bb4 5. Nd5 Bd6 6. d4 b6 7. Be2 O-O 8. O-O
Bb7 9. Nc3 a6 10. a3 Re8 11. d5 Ne7 12. e4 Ng6 13. h3 h6 14. Be3 Qe7 15. Nd2
Bc5 16. b4 Bd4 17. Rc1 d6 18. Qc2 Bxe3 19. fxe3 a5 20. Qb2 axb4 21. axb4 Nf8
22. Qb3 N8d7 23. Nb5 Rec8 24. Ra1 Rxa1 25. Rxa1 Qd8 26. Ra7 Rb8 27. Qc2 Ne8 28.
Nb3 c5 29. dxc6 Bxc6 30. Nc3 Ra8 31. Rxa8 Qxa8 32. Nd5 Nef6 33. Bf3 Kf8 34. Kh2
Qa3 35. Nd2 Bxd5 36. cxd5 Qxb4 37. Qc8+ Ke7 38. Nf1 Qc5 39. Qb7 b5 40. Ng3 g6
41. Be2 b4 42. Bd1 Qb6 43. Qc8 b3 44. Qc1 Nc5 45. Qb1 Qb4 46. Bf3 b2 47. Kg1
Na4 48. Ne2 Nc3 49. Nxc3 Qxc3 50. Bd1 Qc1 0-1

[Event "4NCL Division 2d"]
[Site "Telford, ENG"]
[Date "2017.05.01"]
[Round "11.83"]
[White "Thompson, Ian D"]
[Black "Nicholson, Jim W R"]
[Result "1-0"]
[WhiteElo "2160"]
[BlackElo "2010"]
[PlyCount "71"]
[EventDate "2017.05.01"]
[WhiteTeam "CSC Dragons"]
[BlackTeam "Bradford DCA Knights A"]

1. c4 Nf6 2. Nc3 c6 3. Nf3 d5 4. e3 a6 5. b3 Bf5 6. Be2 Nbd7 7. Nh4 Bg6 8. f4
e6 9. O-O Ne4 10. Nf3 Nxc3 11. dxc3 Be7 12. cxd5 cxd5 13. Bb2 Bf6 14. Nd4 Be4
15. c4 O-O 16. cxd5 exd5 17. Qd2 Qe7 18. Rac1 Rfc8 19. Bg4 Rxc1 20. Rxc1 Nc5
21. Ba3 b6 22. Be2 a5 23. Bb5 Qd6 24. b4 axb4 25. Bxb4 Be7 26. a4 Qg6 27. Nc6
Bd6 28. Qb2 Rc8 29. Nd4 Rb8 30. g3 Nd3 31. Bxd3 Bxb4 32. Rc6 Bd6 33. Bxe4 dxe4
34. Nb5 Ba3 35. Qc2 Qg4 36. Nxa3 1-0

[Event "4NCL Division 2d"]
[Site "Telford, ENG"]
[Date "2017.05.01"]
[Round "11.84"]
[White "Bak, Andrew"]
[Black "Coates, Kenneth G"]
[Result "0-1"]
[WhiteElo "2021"]
[BlackElo "2099"]
[PlyCount "100"]
[EventDate "2017.05.01"]
[WhiteTeam "Bradford DCA Knights A"]
[BlackTeam "CSC Dragons"]

1. e4 d5 2. exd5 Qxd5 3. Nc3 Qd6 4. d4 Nf6 5. g3 c6 6. Bg2 g6 7. Bf4 Qb4 8. Qd2
Bg7 9. Nf3 Bg4 10. Ne5 Be6 11. a3 Qa5 12. b4 Qd8 13. O-O O-O 14. Na4 Bd5 15. c4
Bxg2 16. Kxg2 Nbd7 17. Nf3 Re8 18. Rfe1 e6 19. Rad1 Nb6 20. Nb2 Nbd7 21. c5 b5
22. Nd3 Nd5 23. Bd6 a5 24. Ra1 Ra6 25. Ra2 a4 26. g4 N7b6 27. Bg3 Nc4 28. Qc1
h6 29. Nde5 Nxe5 30. Nxe5 Nxb4 31. Rd2 Nd5 32. Rd3 Qc8 33. f4 Ra7 34. h4 Kh7
35. Qb1 f5 36. h5 gxh5 37. gxf5 exf5 38. Rh1 Rg8 39. Kf3 Bxe5 40. dxe5 Rag7 41.
Bf2 Rg4 42. Rxd5 cxd5 43. Qxb5 Qe6 44. Qxa4 Qxe5 45. Qd7+ R8g7 46. fxe5 Rxd7
47. Be3 h4 48. Bf2 Ra7 49. Bxh4 Rxa3+ 50. Kf2 Rc4 0-1

[Event "4NCL Division 2d"]
[Site "Telford, ENG"]
[Date "2017.05.01"]
[Round "11.85"]
[White "Amato, Giampiero"]
[Black "Jennings, Roger W"]
[Result "0-1"]
[WhiteElo "2067"]
[BlackElo "2018"]
[PlyCount "86"]
[EventDate "2017.05.01"]
[WhiteTeam "CSC Dragons"]
[BlackTeam "Bradford DCA Knights A"]

1. e4 g6 2. d4 Bg7 3. Nc3 d6 4. Be3 Nf6 5. Qd2 c6 6. Bd3 Qa5 7. h3 Na6 8. Nf3
Nb4 9. Be2 Nxe4 10. Nxe4 Nxc2+ 11. Kd1 Qxd2+ 12. Kxd2 Nxa1 13. Rxa1 O-O 14. Rc1
f5 15. Nxd6 exd6 16. Bf4 Be6 17. a4 Bd5 18. Kd3 Be4+ 19. Kc4 d5+ 20. Kc3 c5 21.
Kd2 cxd4 22. Ng5 Rfc8 23. Bc7 d3 24. Bxd3 Bxd3 25. Kxd3 Be5 26. Ne6 Bxc7 27.
Nxc7 Rab8 28. a5 Kf7 29. Kd4 Rd8 30. Re1 Rbc8 31. Ne6 Rd7 32. Ng5+ Kf6 33. Nf3
Rc2 34. Re8 Rxb2 35. Rf8+ Kg7 36. Ra8 a6 37. Ne5 Re7 38. f4 Rb5 39. g4 fxg4 40.
hxg4 Rxa5 41. g5 Ra4+ 42. Ke3 Re4+ 43. Kf3 R4xe5 0-1

[Event "4NCL Division 2d"]
[Site "Telford, ENG"]
[Date "2017.05.01"]
[Round "11.86"]
[White "Braham, Peter"]
[Black "Purdon, Colin"]
[Result "1/2-1/2"]
[WhiteElo "1737"]
[BlackElo "2055"]
[PlyCount "53"]
[EventDate "2017.05.01"]
[WhiteTeam "Bradford DCA Knights A"]
[BlackTeam "CSC Dragons"]

1. e4 c6 2. d4 d5 3. Nc3 dxe4 4. Nxe4 Bf5 5. Ng3 Bg6 6. N1e2 Nf6 7. Nf4 e5 8.
Nxg6 hxg6 9. dxe5 Qxd1+ 10. Kxd1 Ng4 11. Ne4 Nxe5 12. Bf4 Nbd7 13. c3 Nf6 14.
Nxf6+ gxf6 15. Be2 Bc5 16. Bg3 O-O-O+ 17. Kc2 Rhe8 18. Rhe1 f5 19. h3 g5 20. f4
gxf4 21. Bxf4 f6 22. Bh5 Rg8 23. Re2 Rd5 24. Bxe5 Rxe5 25. Rae1 Rxg2 26. Rxg2
Rxe1 27. Rg3 1/2-1/2